Культура труда в процессе социально-экономических преобразований : (Record no. 610337)

MARC details
000 -LEADER
fixed length control field 00651nam a2200193 a 4500
001 - CONTROL NUMBER
control field 1770284920041
003 - CONTROL NUMBER IDENTIFIER
control field YourLibrary
005 - DATE AND TIME OF LATEST TRANSACTION
control field 20260205152336.0
008 - FIXED-LENGTH DATA ELEMENTS--GENERAL INFORMATION
fixed length control field 260205s1998##################000#0#eng##
020 ## - INTERNATIONAL STANDARD BOOK NUMBER
International Standard Book Number 9780820435695
082 04 - DEWEY DECIMAL CLASSIFICATION NUMBER
Classification number 331.0947
Item number SHE
040 ## - CATALOGING SOURCE
Original cataloging agency YourLibrary
Language of cataloging eng
Transcribing agency YourLibrary
100 1# - MAIN ENTRY--PERSONAL NAME
Personal name Shershneva, Elena,
Relator term author.
245 10 - TITLE STATEMENT
Title Культура труда в процессе социально-экономических преобразований :
260 ## - PUBLICATION, DISTRIBUTION, ETC.
Name of publisher, distributor, etc. Peter Lang Gmbh, Internationaler Verlag Der Wissenschaften,
Date of publication, distribution, etc. 1998.
300 ## - PHYSICAL DESCRIPTION
Extent 140 pages
650 #0 - SUBJECT ADDED ENTRY--TOPICAL TERM
Topical term or geographic name entry element Business & Economics.
942 ## - ADDED ENTRY ELEMENTS (KOHA)
Koha item type English Books
Holdings
Withdrawn status Lost status Damaged status Not for loan Home library Current library Shelving location Date acquired Total Checkouts Full call number Barcode Date last seen Price effective from Koha item type
        Anna Centenary Library Anna Centenary Library 4TH FLOOR, A WING 05.02.2026   331.0947 SHE 222892 05.02.2026 05.02.2026 English Books

Find us on the map